00677nam a2200181Ia 4500008004100000020001800041041000800059082001500067100005900082245009100141250001200232260005300244300001000297365000700307650001800314952014600332999001700478251210s2026 xx 000 0 und d a9789348426413 aeng a610.73 SRI aSrinivasan, Muthuvenkatachalam and Vebugopal, Ambili M aTarget high one nation NORCET book on nursing officer / staff nurse recuruitment exams a8th ed. aNew DelhibCBS publishers and Distributorsc2026 a1592p cRS aGeneral books 00104070aCNbCNcRCS4d2025-10-27eCBS publishers and distributorsg1995.00l1o610.73 SRIpCN5850r2026-04-30s2026-04-25w2025-12-10yCR c64143d64143